El pensamiento vivo del general San Martin (Registro nro. 18578)

Detalles MARC
000 -CABECERA
Longitud fija campo de control 00617nam a22002057a 4500
003 - IDENTIFICADOR DELl NÚMERO DE CONTROL
Identificador del número de control OSt
005 - FECHA Y HORA DE LA ÚLTIMA TRANSACCIÓN
Fecha y hora de la última transacción 20150321133241.0
008 - CÓDIGOS DE INFORMACIÓN DE LONGITUD FIJA
Códigos de información de longitud fija 150216b xxu||||| |||| 00| 0 eng d
020 ## - NÚMERO INTERNACIONAL NORMALIZADO PARA LIBROS
Número Internacional Normalizado para Libros (ISBN) 950-03-0359-0
040 ## - FUENTE DE LA CATALOGACIÓN
Centro transcriptor BMC
082 ## - NÚMERO DE LA CLASIFICACIÓN DECIMAL DEWEY
Númeroo de clasificación 980.02
100 1# - PUNTO DE ACCESO PRINCIPAL-NOMBRE DE PERSONA
9 (RLIN) 318
Nombre de persona Capdevila, Arturo
Fechas asociadas al nombre 1889-1967
245 13 - MENCIÓN DE TÍTULO
Título El pensamiento vivo del general San Martin
Mención de responsabilidad, etc. Arturo Capdevila
250 ## - MENCIÓN DE EDICIÓN
Mención de edición 4ª ed
260 ## - PUBLICACIÓN, DISTRIBUCIÓN, ETC. (PIE DE IMPRENTA)
Lugar de publicación, distribución, etc. Buenos Aires
Nombre del editor, distribuidor, etc. Losada
Fecha de publicación, distribución, etc. 1982
300 ## - DESCRIPCIÓN FÍSICA
Extensión 150 p.
Dimensiones 18 cm
490 ## - MENCIÓN DE SERIE
Mención de serie Biblioteca clásica y contemporánea
Designación de volumen o secuencia 477
651 24 - PUNTO DE ACCESO ADICIONAL DE MATERIA - NOMBRE GEOGRÁFICO
9 (RLIN) 3799
Nombre geográfico América del Sur
Subdivisión de materia general Historia
Subdivisión cronológica Guerras de Independencia, 1806-1830
942 ## - ENTRADA DE ELEMENTOS AGREGADOS (KOHA)
Fuente de clasificaión o esquema Dewey Decimal Classification
Koha [por defecto] tipo de item 1- Monografias
Existencias
Suprimido Perdido Fuente de clasificación o esquema Estropeado Restricciones de uso No para préstamo Código de colección Localización permanente Localización actual Localización en estanter&íacute;as Fecha adquisición Fuente de adquisición Número de inventario Préstamos totales Signatura completa Código de barras Fecha última consulta Fecha del precio de reemplazo Tipo de item de Koha
NULL NULL Dewey Decimal Classification NULL Prestable NULL NULL Biblioteca Miguel de Cervantes - UNICAES Biblioteca Miguel de Cervantes - UNICAES Sala Principal 18/02/2015 Donación - Mayorga Rivas 028213   980.02 CAP pen 1028623 18/02/2015 18/02/2015 1- Monografias